Les personnages d'Avengers : L'ère d'Ultron - #11 - Statistiques

Statistiques générales
  • Ce quiz a été pris 35 fois
  • Le résultat moyen est 13 sur 23
Statistiques - réponses
Réponse % Correct
Bruce Banner / Hulk
100%
Natasha Romanoff / Black Widow
100%
Thor
100%
Tony Stark / Iron Man
100%
Steve Rogers / Captain America
97%
Clint Barton / Hawkeye
91%
Ultron
91%
Vision
81%
Wanda Maximoff
72%
Nick Fury
69%
Pietro Maximoff
63%
James Rhodes / War Machine
50%
Maria Hill
50%
JARVIS
41%
Sam Wilson / Falcon
34%
Thanos
28%
Laura Barton
22%
Heimdall
16%
Helen Cho
16%
Ulysses Klaue
16%
Erik Selvig
9%
FRIDAY
9%
Baron Von Strucker
6%
Aucun quiz correspondant
Distribution des résultats
% des personnes avec chaque résultat
Percentile par nombre de réponses
Votre historique - résultats
Vous n’avez pas pris ce quiz